U.S. Cities to States - Tile Selects #2 - Statistics

General Stats
  • This quiz has been taken 19 times
  • The average score is 49 of 60
Answer Stats
Question Tile Select % Correct
Cities in Utah Albany No
100%
Cities in Utah Annapolis No
100%
Cities in Montana. Baton Rouge No
100%
Cities in Utah Birmingham No
100%
Cities in Wyoming. Bismarck No
100%
Cities in Utah Boulder No
100%
Cities in Wyoming. Cleveland No
100%
Cities in Colorado. Detroit No
100%
Cities in Idaho. Indianapolis No
100%
Cities in Colorado. Lincoln No
100%
Cities in Montana. Milwaukee No
100%
Cities in Idaho. Montgomery No
100%
Cities in Montana. New York City No
100%
Cities in Colorado. Norman No
100%
Cities in Wyoming. Pierre No
100%
Cities in Montana. Providence No
100%
Cities in Colorado. Sioux Falls No
100%
Cities in Utah St. Louis No
100%
Cities in Wyoming. Topeka No
100%
Cities in Colorado. Tulsa No
100%
Cities in Idaho. Wichita No
100%
Cities in Colorado. Aspen Yes
91%
Cities in Utah Big Bend National Park No
91%
Cities in Montana. Billings Yes
91%
Cities in Idaho. Boise Yes
91%
Cities in Wyoming. Cheyenne Yes
91%
Cities in Colorado. Colorado Springs Yes
91%
Cities in Colorado. Denver Yes
91%
Cities in Wyoming. Fargo No
91%
Cities in Montana. Helena Yes
91%
Cities in Idaho. Idaho Falls Yes
91%
Cities in Wyoming. Jersey City No
91%
Cities in Idaho. Laurel No
91%
Cities in Utah Ogden Yes
91%
Cities in Utah Salt Lake City Yes
91%
Cities in Colorado. Aurora Yes
82%
Cities in Idaho. Grand Teton National Park No
82%
Cities in Idaho. Springfields No
82%
Cities in Wyoming. Yellowstone National Park Yes
82%
Cities in Colorado. Fort Collins Yes
73%
Cities in Colorado. Hot Springs National Park No
73%
Cities in Wyoming. Rock Springs Yes
73%
Cities in Idaho. Twin Falls Yes
73%
Cities in Utah Zion National Parks Yes
73%
Cities in Idaho. Coeur d'Alene Yes
64%
Cities in Montana. Great Basin National Park No
64%
Cities in Utah Moab Yes
64%
Cities in Idaho. Pocatello Yes
64%
Cities in Wyoming. Sheridan Yes
64%
Cities in Montana. Theodore Roosevelt National Park No
64%
Cities in Montana. Big Sky Yes
55%
Cities in Utah Bonneville Salt Flats Yes
55%
Cities in Montana. Bozaman Yes
55%
Cities in Montana. Glacier National Park Yes
55%
Cities in Wyoming. Green River Yes
55%
Cities in Montana. Missoula Yes
55%
Cities in Utah St. George Yes
36%
Cities in Wyoming. Jackson Yes
27%
Cities in Colorado. Roosevelt National Forest Yes
18%
Cities in Idaho. Sawtooth National Forest Yes
18%
No matching quizzes found
Score Distribution
Percent of People with Each Score
Percentile by Number Answered
Your Score History
You have not taken this quiz